[Event "Let's Play Chess!"]
[Site "http://www.queenalice.com/game.php?id=387546"]
[Date "2008.4.14"]
[Round "-"]
[White "erodatam"]
[Black "esso"]
[Result "1-0"]
[WhiteElo "1715"]
[BlackElo "1935"]

1. e4 c5 2. Nf3 Nc6 3. d4 cxd4 4. Nxd4 g6 5. Nc3 Bg7 6. Be3 a6 7. Bc4 Nf6 8.
Nxc6 bxc6 9. e5 Ng8 10. Qf3 e6 11. Bf4 Qa5 12. O-O-O Bxe5 13. Ne4 Bxf4+ 14. Qxf4
d5 15. Nd6+ Ke7 16. Nxf7 dxc4 17. Nxh8 Nf6 18. Qd6+ Ke8 19. Qxc6+ Ke7 20. Qxa8
Qxa2 21. Qxc8 Qa1+ 22. Kd2 Qa5+ 23. c3 Ne4+ 24. Ke2 Qh5+ 25. f3 Kf6 26. Qf8+ Kg5
27. Nf7+ Kh4 28. Rd4 1-0

[Event "Challenge"]
[Site "http://www.queenalice.com/game.php?id=388544"]
[Date "2008.4.16"]
[Round "-"]
[White "CampbellMarcel"]
[Black "esso"]
[Result "0-1"]
[WhiteElo "1805"]
[BlackElo "1887"]

1. e4 c5 2. g3 Nc6 3. c3 Nf6 4. Bg2 e5 5. Nf3 h6 6. O-O Bd6 7. d4 cxd4 8. cxd4
Nxe4 9. d5 Ne7 10. Nc3 Nf6 11. h3 b6 12. Nh2 Bb7 13. Be3 O-O 14. Ng4 Ng6 15.
Nxh6+ gxh6 16. Bxh6 Re8 17. Bg5 Be7 18. Bxf6 Bxf6 19. Qh5 Kg7 20. Be4 Rh8 21.
Qg4 Bc8 22. d6 Rb8 23. f4 Kf8 24. Bxg6 Rg8 25. fxe5 Rxg6 26. Qxg6 fxg6 27. Rxf6+
Kg7 28. Ne4 Qe8 29. e6 dxe6 30. Raf1 Ba6 31. R1f2 Bd3 32. Ng5 Rb7 33. Nxe6+ Kh6
34. g4 Bc4 35. g5+ Kh5 36. Ng7+ Rxg7 0-1

[Event "Let's Play Chess!"]
[Site "http://www.queenalice.com/game.php?id=388915"]
[Date "2008.4.16"]
[Round "-"]
[White "SRIVERO"]
[Black "esso"]
[Result "1-0"]
[WhiteElo "1749"]
[BlackElo "1977"]

1. d4 c5 2. c3 e6 3. Nf3 Nf6 4. Bg5 Qb6 5. b3 Be7 6. e3 h6 7. Bxf6 Bxf6 8. Ne5
d6 9. Nc4 Qc7 10. dxc5 Qxc5 11. Nxd6+ Ke7 12. Ne4 Qc6 13. Nxf6 gxf6 14. Qd4 Rd8
15. Qb4+ Ke8 16. Bb5 Bd7 17. Bxc6 Bxc6 18. O-O a5 19. Qf4 Ke7 20. e4 Nd7 21. Rd1
Rac8 22. c4 Rg8 23. Nc3 h5 24. h4 Ne5 25. f3 Rg6 26. Nd5+ exd5 27. exd5 Bd7 28.
d6+ Ke6 29. Rd4 Rcg8 30. Rd2 Bc6 31. Re1 Kd7 32. Rxe5 fxe5 33. Qxf7+ Kd8 34.
Qe7+ 1-0

[Event "Challenge"]
[Site "http://www.queenalice.com/game.php?id=390661"]
[Date "2008.4.20"]
[Round "-"]
[White "esso"]
[Black "SRIVERO"]
[Result "1-0"]
[WhiteElo "1912"]
[BlackElo "1786"]

1. g4 d5 2. e3 e5 3. Bg2 Nf6 4. h3 Nc6 5. Nc3 Be6 6. d4 Bb4 7. Bd2 Qe7 8. Qe2
O-O-O 9. a3 Bxc3 10. Bxc3 e4 11. Qb5 a6 12. Qb3 Nd7 13. Bb4 Nxb4 14. axb4 Nb6
15. b5 Rd6 16. bxa6 bxa6 17. Rxa6 Rhd8 18. Ne2 Kd7 19. Qb5+ Rc6 20. O-O Qd6 21.
Rfa1 Ke7 22. Nf4 Bd7 23. Qb3 Nc4 24. Rxc6 Qxc6 25. Bf1 Nd2 26. Qb4+ Qd6 27. Qxd2
g5 28. Nh5 f5 29. Ng3 f4 30. exf4 Qxf4 31. Qxf4 gxf4 32. Nh5 f3 33. Kh2 Bc6 34.
Kg3 Be8 35. Nf4 c6 36. c4 Rb8 37. Rb1 Kd6 38. b3 Bf7 39. cxd5 cxd5 40. b4 Be8
41. b5 Bf7 42. Ra1 Be8 43. Ra6+ Kc7 44. Nxd5+ Kd8 45. b6 1-0

[Event "Challenge"]
[Site "http://www.queenalice.com/game.php?id=390833"]
[Date "2008.4.20"]
[Round "-"]
[White "esso"]
[Black "erodatam"]
[Result "1-0"]
[WhiteElo "1957"]
[BlackElo "1778"]

1. c4 Nf6 2. Nc3 e5 3. Nf3 Nc6 4. g3 Bc5 5. e3 d6 6. a3 Bg4 7. Be2 Qd7 8. Ng5
Bxe2 9. Qxe2 Qf5 10. f4 h6 11. e4 Qd7 12. Nf3 a5 13. d3 O-O 14. f5 Nd4 15. Nxd4
exd4 16. Nd5 Nxd5 17. cxd5 f6 18. Qg4 Kh8 19. O-O c6 20. dxc6 bxc6 21. Rf4 d5
22. Qg6 dxe4 23. Rxe4 Rfe8 24. Rxe8+ Rxe8 25. Bf4 Re2 26. Qh5 Qe7 27. b4 Re1+
28. Rxe1 Qxe1+ 29. Kg2 axb4 30. axb4 Bf8 31. Qf3 1-0

[Event "Let's Play Chess!"]
[Site "http://www.queenalice.com/game.php?id=395094"]
[Date "2008.4.29"]
[Round "-"]
[White "Viper3910"]
[Black "esso"]
[Result "0-1"]
[WhiteElo "1742"]
[BlackElo "1952"]

1. e4 c5 2. Bc4 Nc6 3. d3 e6 4. Nf3 Nf6 5. Bg5 Be7 6. Bxf6 Bxf6 7. Na3 Bxb2 8.
Nb5 Qa5+ 9. Nd2 Bxa1 10. Qxa1 Nd4 11. Nxd4 cxd4 12. Qxd4 O-O 13. c3 d5 14. Bb3
b6 15. exd5 exd5 16. Bxd5 Rb8 17. O-O Ba6 18. Bb3 Rbd8 19. Nc4 Rxd4 20. Nxa5
Rxd3 21. Nc4 Rxc3 22. Nd2 Bxf1 23. Nxf1 Rc1 24. g3 Re8 25. Kg2 g5 26. Nd2 h5 27.
Bd5 Rd1 28. Bc6 Ree1 29. Nf3 Re6 30. Bb7 g4 31. Nh4 Ree1 32. Nf3 gxf3+ 33. Bxf3
Ra1 34. Bd5 Re5 35. Bf3 h4 36. g4 Rxa2 0-1

[Event "Let's Play Chess!"]
[Site "http://www.queenalice.com/game.php?id=395414"]
[Date "2008.4.29"]
[Round "-"]
[White "charles31"]
[Black "esso"]
[Result "1/2-1/2"]
[WhiteElo "1628"]
[BlackElo "1969"]

1. e3 c5 2. Nc3 Nc6 3. Nf3 Nf6 4. Bb5 Na5 5. a3 a6 6. Bd3 e6 7. b3 Nc6 8. Ne4
Be7 9. Bb2 d5 10. Ng3 h6 11. c4 Qb6 12. Ne5 d4 13. Nxc6 Qxc6 14. f3 dxe3 15.
dxe3 Qd6 16. e4 e5 17. O-O g5 18. Re1 b6 19. Qe2 h5 20. Rad1 h4 21. Nf5 Bxf5 22.
exf5 O-O 23. Bxe5 Qc6 24. Be4 Nxe4 25. fxe4 f6 26. Bc3 Rf7 27. Rd3 Rh7 28. Red1
Ra7 29. e5 fxe5 30. Qxe5 Rb7 31. Rf1 Kf7 32. f6 Bf8 33. Qxg5 Rh6 34. Rf2 Qe4 35.
Re3 Rg6 36. Qh5 Qxe3 37. Qh7+ Ke6 38. Qxg6 Qc1+ 39. Rf1 Qe3+ 40. Rf2 Qc1+
1/2-1/2

[Event "Let's Play Chess!"]
[Site "http://www.queenalice.com/game.php?id=400260"]
[Date "2008.5.9"]
[Round "-"]
[White "alidivetro"]
[Black "esso"]
[Result "0-1"]
[WhiteElo "1300"]
[BlackElo "1961"]

1. e4 c5 2. Nf3 Nc6 3. d4 cxd4 4. Nxd4 e6 5. Nc3 Nf6 6. a3 Bc5 7. Be3 d6 8. Bb5
Bd7 9. Qd2 a6 10. Bxc6 bxc6 11. O-O e5 12. Nb3 Bxe3 13. fxe3 Be6 14. Rad1 d5 15.
exd5 cxd5 16. Nc5 O-O 17. Nxe6 fxe6 18. Ne2 Qb6 19. c3 Rab8 20. b4 Ng4 21. Nd4
exd4 22. cxd4 Qd6 23. g3 h5 24. Rxf8+ Rxf8 25. Qe2 Rf2 26. Qd3 Rxh2 27. Rd2
Qxg3+ 0-1

[Event "Dez (10)"]
[Site "http://www.queenalice.com/game.php?id=402708"]
[Date "2008.5.15"]
[Round "-"]
[White "The_Lenda"]
[Black "esso"]
[Result "0-1"]
[WhiteElo "1730"]
[BlackElo "1974"]

1. Nf3 b5 2. e4 c6 3. a3 Qb6 4. d3 e6 5. Be3 Qc7 6. Be2 g6 7. O-O Bg7 8. c3 Nf6
9. h3 e5 10. b3 d6 11. Qd2 Nbd7 12. Bh6 Rg8 13. Bxg7 Rxg7 14. Ng5 Bb7 15. Nf3
Nh5 16. Qh6 Ndf6 17. Nh4 Ng8 18. Qe3 Nf4 19. Nf3 Bc8 20. Ng5 Nf6 21. b4 h6 22.
Nf3 g5 23. Qd2 g4 24. Nh2 gxh3 25. g3 Be6 26. Bf3 h5 27. Qe3 h4 28. g4 Bxg4 29.
Nxg4 Nxg4 30. Bxg4 Rxg4+ 31. Kh1 O-O-O 32. Rg1 Rdg8 33. Rxg4 Rxg4 0-1

[Event "Challenge"]
[Site "http://www.queenalice.com/game.php?id=403792"]
[Date "2008.5.16"]
[Round "-"]
[White "ysar"]
[Black "esso"]
[Result "1-0"]
[WhiteElo "1966"]
[BlackElo "1992"]

1. e4 c5 2. Nf3 Nc6 3. d4 cxd4 4. Nxd4 g6 5. c4 Bg7 6. Be3 Nf6 7. Nc3 Qa5 8. f3
O-O 9. Be2 Qe5 10. f4 Qc7 11. O-O e6 12. e5 Ne8 13. Ndb5 Qd8 14. Bc5 Ne7 15. Ne4
a6 16. Nbd6 b6 17. Ba3 Nxd6 18. Nxd6 f6 19. Bf3 Rb8 20. Qe2 fxe5 21. fxe5 Rf4
22. Qe3 Rf5 23. Nxf5 Nxf5 24. Qc3 Qg5 25. Rae1 Bb7 26. Bxb7 Rxb7 27. Qf3 Rb8 28.
Qf4 Qd8 29. b3 Bh6 30. Qe4 Qg5 31. Bc1 Qe7 32. Bxh6 Nxh6 33. Qf4 Nf5 34. g4 Ng7
35. Rd1 h5 36. Qf6 Qc5+ 37. Rf2 hxg4 38. Rxd7 Qxf2+ 39. Kxf2 Rf8 40. Rxg7+ 1-0

[Event "Challenge"]
[Site "http://www.queenalice.com/game.php?id=406622"]
[Date "2008.5.22"]
[Round "-"]
[White "schizo"]
[Black "esso"]
[Result "0-1"]
[WhiteElo "1161"]
[BlackElo "1982"]

1. g4 c5 2. Na3 Nc6 3. c3 g6 4. d4 cxd4 5. cxd4 Bg7 6. e3 Nf6 7. f3 Qb6 8. Nc4
Qb4+ 9. Bd2 Qb5 10. e4 Nxd4 11. Bf4 Qc5 12. a3 d6 13. Qa4+ Bd7 14. Qd1 b5 15.
Rc1 bxc4 16. Rxc4 Nxf3+ 17. Nxf3 Qb6 18. Nd4 Nxg4 19. h3 Bxd4 20. Qxd4 Qxd4 21.
Rxd4 Nf6 22. Bg2 Rb8 23. e5 dxe5 24. Bxe5 Rxb2 25. Bd5 O-O 26. O-O Bxh3 27. Rdd1
Bxf1 28. Bxb2 Nxd5 29. Kxf1 Ne3+ 30. Ke2 Nxd1 31. Kxd1 h5 32. a4 h4 33. Ba3 Rd8+
34. Kc1 Rd7 35. a5 h3 36. a6 h2 37. Kc2 h1=Q 38. Kb3 Qc6 39. Bb4 Rd3+ 40. Ka2
Qc2+ 41. Ka1 Rd1# 0-1

[Event "Challenge"]
[Site "http://www.queenalice.com/game.php?id=406623"]
[Date "2008.5.22"]
[Round "-"]
[White "schizo"]
[Black "esso"]
[Result "0-1"]
[WhiteElo "1163"]
[BlackElo "1980"]

1. g3 d5 2. f4 Bf5 3. e3 g6 4. d4 a6 5. g4 Be4 6. Nf3 Nc6 7. h4 Nb4 8. c3 Nc2+
9. Kf2 Nxa1 10. Bd3 Qd7 11. b3 Qxg4 12. Bxe4 dxe4 13. Nfd2 Qxd1 14. Rxd1 Nf6 15.
Na3 Ng4+ 16. Ke2 e6 17. Bb2 Bxa3 18. Bxa3 Nc2 19. Bc5 Ncxe3 20. Rg1 f5 21. Nf1
Nd5 22. Rg3 Nxf4+ 23. Kd1 b6 24. Ba3 Rd8 25. Bc1 Nd3 26. Bg5 Rd7 27. c4 Kf7 28.
b4 Rxd4 29. Nd2 Nb2+ 30. Kc2 Nxc4 31. Kc3 Rxd2 32. Kxc4 Rxa2 33. Kb3 Re2 34. Rc3
Rc8 35. Ka4 c5 36. b5 axb5+ 37. Kxb5 Rb2+ 38. Ka4 Ra8# 0-1

[Event "Challenge"]
[Site "http://www.queenalice.com/game.php?id=406624"]
[Date "2008.5.22"]
[Round "-"]
[White "schizo"]
[Black "esso"]
[Result "0-1"]
[WhiteElo "1159"]
[BlackElo "1984"]

1. h3 c5 2. e3 Nc6 3. a3 g6 4. b4 cxb4 5. Bb2 f6 6. axb4 Nxb4 7. Ra4 e5 8. d4
Qc7 9. Nc3 Bd6 10. Ne4 Nxc2+ 11. Ke2 b5 12. Ra1 Nxa1 13. Qxa1 Qc2+ 14. Kf3 Bb7
15. d5 Bxd5 16. Kg3 Qxe4 17. Qd1 Qf5 18. Qxd5 Rc8 19. Qxd6 Rc2 20. Ba3 Qxf2+ 21.
Kh2 Kd8 22. Bc5 Rxc5 23. Qxc5 Qxf1 24. Qxa7 Qc4 25. Nf3 Qc7 26. Ra1 e4+ 27.
Qxc7+ Kxc7 28. Nd4 Ne7 29. g4 Rb8 30. Ra6 f5 31. g5 Nd5 32. Nc2 b4 33. Ra5 b3
34. Rc5+ Kd6 35. Rc4 bxc2 36. Rxc2 Nxe3 37. Re2 Rb3 38. h4 Ke5 39. Rd2 d5 40.
Rc2 f4 41. Rc7 Nf5 42. Rxh7 f3 43. Rh6 f2 44. Kg2 Rf3 45. Kf1 Ng3+ 46. Kg2 f1=Q+
47. Kh2 Rf2+ 48. Kxg3 Qg2# 0-1

[Event "Let's Play Chess!"]
[Site "http://www.queenalice.com/game.php?id=437261"]
[Date "2008.7.22"]
[Round "-"]
[White "esso"]
[Black "Blackangel"]
[Result "1-0"]
[WhiteElo "1977"]
[BlackElo "1962"]

1. d4 d5 2. c4 c6 3. Nf3 Nd7 4. Nc3 Ngf6 5. Qb3 e6 6. c5 b6 7. cxb6 Nxb6 8. Ne5
Qc7 9. Bf4 Bd6 10. e3 Rb8 11. Qc2 Nh5 12. Nxc6 Nxf4 13. Nxb8 Qxb8 14. exf4 Bxf4
15. Bb5+ Bd7 16. g3 Bg5 17. f4 Bf6 18. O-O-O Bxb5 19. Nxb5 Nc4 20. Qa4 O-O 21.
b3 Ne3 22. Rd3 Rc8+ 23. Rc3 Rxc3+ 24. Nxc3 Qc8 25. Kd2 Bxd4 26. Qxd4 Nf5 27.
Qxa7 h6 28. Rc1 Qf8 29. Qb7 Qc5 30. Qb8+ Kh7 31. Qe5 Nd4 32. Qe3 Qb4 33. Kd3 Nf5
34. Qf2 d4 35. Ne4 Qb5+ 36. Rc4 Ne3 37. Nd6 Qd5 38. Rxd4 1-0

[Event "Challenge"]
[Site "http://www.queenalice.com/game.php?id=443745"]
[Date "2008.8.4"]
[Round "-"]
[White "esso"]
[Black "KLEOJ"]
[Result "0-1"]
[WhiteElo "1986"]
[BlackElo "2159"]

1. c4 f5 2. Nc3 Nf6 3. Nf3 e6 4. Qb3 Be7 5. g3 O-O 6. Bg2 d6 7. O-O Kh8 8. d4
Nbd7 9. Ng5 Nb6 10. Be3 Ng4 11. Nh3 Nxe3 12. fxe3 c6 13. Rad1 d5 14. c5 Nc4 15.
Rf3 b6 16. cxb6 axb6 17. a3 Bd7 18. Qc2 g5 19. b3 Nxa3 20. Qd3 g4 21. Rf2 gxh3
22. Bxh3 Bg5 23. Rdf1 Qe7 24. Na4 Rab8 25. Kg2 c5 26. dxc5 bxc5 27. Qc3+ d4 28.
exd4 cxd4 29. Qxd4+ Bf6 30. Qe3 Nb5 31. Rd1 Bc6+ 32. Kg1 Be4 33. Bg2 Bxg2 34.
Kxg2 Rfd8 35. Rxd8+ Rxd8 36. Rf1 Qb7+ 37. Kh3 Qd5 38. Rc1 Nd6 39. Rc7 Ne4 40. g4
fxg4+ 41. Kg2 Nd2+ 0-1

[Event "Challenge"]
[Site "http://www.queenalice.com/game.php?id=446723"]
[Date "2008.8.10"]
[Round "-"]
[White "PROFILER"]
[Black "esso"]
[Result "1-0"]
[WhiteElo "1996"]
[BlackElo "1966"]

1. e4 c5 2. b4 cxb4 3. a3 Qa5 4. Bb2 e5 5. Nf3 Nc6 6. Bc4 Qc5 7. d3 h6 8. O-O d6
9. axb4 Qxb4 10. Ba3 Qa5 11. Nbd2 Qc7 12. Nh4 Nf6 13. g3 a6 14. f4 Bg4 15. Nhf3
Nd4 16. fxe5 dxe5 17. Bxf8 Kxf8 18. c3 Nxf3+ 19. Nxf3 Qc5+ 20. Kh1 1-0

[Event "Challenge"]
[Site "http://www.queenalice.com/game.php?id=446724"]
[Date "2008.8.10"]
[Round "-"]
[White "esso"]
[Black "PROFILER"]
[Result "0-1"]
[WhiteElo "1966"]
[BlackElo "2023"]

1. d4 f5 2. Nc3 Nf6 3. Nf3 d5 4. Ne5 e6 5. Nb5 c6 6. Nc3 Be7 7. h3 O-O 8. Bg5
Bd7 9. a3 Be8 10. Qd2 Nbd7 11. f4 Ne4 12. Bxe7 Qxe7 13. Nxe4 fxe4 14. O-O-O a5
15. g4 Nxe5 16. fxe5 b5 17. g5 b4 18. a4 c5 19. b3 cxd4 20. Qxd4 Qxg5+ 21. Kb2
Bg6 22. e3 Rac8 0-1

[Event "Challenge"]
[Site "http://www.queenalice.com/game.php?id=460938"]
[Date "2008.9.9"]
[Round "-"]
[White "KLEOJ"]
[Black "esso"]
[Result "1-0"]
[WhiteElo "2160"]
[BlackElo "1975"]

1. Nc3 c5 2. e4 Nc6 3. f4 g6 4. Nf3 Bg7 5. Bc4 e6 6. a3 Nf6 7. d3 Qb6 8. O-O O-O
9. Kh1 d6 10. Rb1 Ng4 11. Bd2 a6 12. Ng5 Bd4 13. Qxg4 d5 14. Ba2 h5 15. Qg3 dxe4
16. Ncxe4 Ne7 17. Bc3 Nf5 18. Qh3 Ne3 19. Qxe3 Bxe3 20. Nf6+ Kg7 21. Nd5+ Kh6
22. Nxb6 Ra7 23. Nxc8 Rxc8 24. Nxf7+ Kh7 25. Bxe6 Rc6 26. Bd5 Rc7 27. Ng5+ 1-0